<?xml version="1.0" encoding="UTF-8"?>
<collection xmlns="http://www.loc.gov/MARC21/slim">
 <record>
  <leader>01517aam a22002298a 4500</leader>
  <controlfield tag="001">NCT_15497</controlfield>
  <controlfield tag="008">091109s2009                  ||||||viesd</controlfield>
  <datafield tag="999" ind1=" " ind2=" ">
   <subfield code="c">738</subfield>
   <subfield code="d">738</subfield>
  </datafield>
  <datafield tag="020" ind1=" " ind2=" ">
   <subfield code="c">52000</subfield>
  </datafield>
  <datafield tag="082" ind1="0" ind2="4">
   <subfield code="2">23rd ed.</subfield>
   <subfield code="a">658.15</subfield>
   <subfield code="b">H107</subfield>
  </datafield>
  <datafield tag="100" ind1="1" ind2=" ">
   <subfield code="a">Dương Hữu Hạnh</subfield>
  </datafield>
  <datafield tag="245" ind1="1" ind2="0">
   <subfield code="a">Quản trị tài chánh doanh nghiệp hiện đại =</subfield>
   <subfield code="b">Corporate finance management : An overview of financial management...</subfield>
   <subfield code="c">Dương Hữu Hạnh</subfield>
  </datafield>
  <datafield tag="260" ind1=" " ind2=" ">
   <subfield code="a">H.</subfield>
   <subfield code="b">Thống kê</subfield>
   <subfield code="c">2009</subfield>
  </datafield>
  <datafield tag="300" ind1=" " ind2=" ">
   <subfield code="a">314tr.</subfield>
   <subfield code="b">bảng, biểu đồ</subfield>
   <subfield code="c">24cm</subfield>
  </datafield>
  <datafield tag="520" ind1="3" ind2=" ">
   <subfield code="a">Đại cương về quản trị tài chính. Hướng dẫn báo cáo tài chính, dòng tiền tệ, thuế vụ. Lí thuyết cơ bản trong nghiệp vụ quản lí tài chính doanh nghiệp</subfield>
  </datafield>
  <datafield tag="653" ind1=" " ind2=" ">
   <subfield code="a">Tài chính - Ngân hàng</subfield>
  </datafield>
  <datafield tag="942" ind1=" " ind2=" ">
   <subfield code="2">ddc</subfield>
   <subfield code="c">BK</subfield>
  </datafield>
  <datafield tag="952" ind1=" " ind2=" ">
   <subfield code="0">0</subfield>
   <subfield code="1">0</subfield>
   <subfield code="2">ddc</subfield>
   <subfield code="4">0</subfield>
   <subfield code="6">658_150000000000000_H107</subfield>
   <subfield code="7">0</subfield>
   <subfield code="9">2898</subfield>
   <subfield code="a">000001</subfield>
   <subfield code="b">000001</subfield>
   <subfield code="d">2017-11-08</subfield>
   <subfield code="o">658.15 H107</subfield>
   <subfield code="p">MD.06404</subfield>
   <subfield code="r">2017-11-08</subfield>
   <subfield code="v">52000.00</subfield>
   <subfield code="w">2017-11-08</subfield>
   <subfield code="y">BK</subfield>
  </datafield>
  <datafield tag="952" ind1=" " ind2=" ">
   <subfield code="0">0</subfield>
   <subfield code="1">0</subfield>
   <subfield code="2">ddc</subfield>
   <subfield code="4">0</subfield>
   <subfield code="6">658_150000000000000_H107</subfield>
   <subfield code="7">0</subfield>
   <subfield code="9">2899</subfield>
   <subfield code="a">000001</subfield>
   <subfield code="b">000001</subfield>
   <subfield code="d">2017-11-08</subfield>
   <subfield code="o">658.15 H107</subfield>
   <subfield code="p">MD.06405</subfield>
   <subfield code="r">2017-11-08</subfield>
   <subfield code="v">52000.00</subfield>
   <subfield code="w">2017-11-08</subfield>
   <subfield code="y">BK</subfield>
  </datafield>
  <datafield tag="952" ind1=" " ind2=" ">
   <subfield code="0">0</subfield>
   <subfield code="1">0</subfield>
   <subfield code="2">ddc</subfield>
   <subfield code="4">0</subfield>
   <subfield code="6">658_150000000000000_H107</subfield>
   <subfield code="7">0</subfield>
   <subfield code="9">2900</subfield>
   <subfield code="a">000001</subfield>
   <subfield code="b">000001</subfield>
   <subfield code="d">2017-11-08</subfield>
   <subfield code="o">658.15 H107</subfield>
   <subfield code="p">MD.06406</subfield>
   <subfield code="r">2017-11-08</subfield>
   <subfield code="v">52000.00</subfield>
   <subfield code="w">2017-11-08</subfield>
   <subfield code="y">BK</subfield>
  </datafield>
  <datafield tag="952" ind1=" " ind2=" ">
   <subfield code="0">0</subfield>
   <subfield code="1">0</subfield>
   <subfield code="2">ddc</subfield>
   <subfield code="4">0</subfield>
   <subfield code="6">658_150000000000000_H107</subfield>
   <subfield code="7">0</subfield>
   <subfield code="9">2901</subfield>
   <subfield code="a">000001</subfield>
   <subfield code="b">000001</subfield>
   <subfield code="d">2017-11-08</subfield>
   <subfield code="l">1</subfield>
   <subfield code="o">658.15 H107</subfield>
   <subfield code="p">MD.06407</subfield>
   <subfield code="r">2020-10-08</subfield>
   <subfield code="s">2020-09-24</subfield>
   <subfield code="v">52000.00</subfield>
   <subfield code="w">2017-11-08</subfield>
   <subfield code="y">BK</subfield>
  </datafield>
  <datafield tag="980" ind1=" " ind2=" ">
   <subfield code="a">Thư viện Trường Đại học Nam Cần Thơ</subfield>
  </datafield>
 </record>
</collection>
